000 00611nam a2200241 a 4500
001 nice12345678
003 IN_TiNIC
005 20260116015110.0
008 050524s1993 caia grp 000 0 eng
020 _a
_c300
082 0 0 _a722.20462
_bWIL
100 _aWilliams, Caroline
245 _aIslamic Monuments in Cairo
_b a Practical Guide
260 _aCairo
_bAmerican University
_c1993
300 _a311p
500 _aincludes index and biblioraphy
505 2 _aNotes, Index
650 _aMonuments-Egypt
700 1 _aWilliams, Caroline
902 _bSRS
942 _cBK
999 _c18313
_d18313